000
00267nam a2200121Ia 4500
008
190216s9999||||xx |||||||||||||| ||und||
100
_a
David M Bonner
245
0
_a
Heredity
260
_b
Prentice Hall India
_c
1963
300
_a
106p
650
_a
Botany
942
_c
BK
999
_c
1063
_d
1063